02245naa a2200205 a 450000100080000000500110000800800410001910000150006024501530007526000090022852015430023765300100178065300120179070000240180270000190182670000190184570000180186470000210188277301360190311206502014-04-23 2013 bl uuuu u00u1 u #d1 aSANTOS, E. aPotencial de In??culo e Coloniza????o Micorr??zica da Mandioca (Manihot esculenta Crantz) sob Manejo de Plantas de Cobertura.h[electronic resource] c2013 aNos pa??ses em desenvolvimento a mandioca ?? uma importante fonte alimentar, por ser cultivada em pequenas ??reas e em solos com baixa disponibilidade nutricional, possui rela????o com fungos micorr??zicos arbusculares (FMA), os quais ampliam a extens??o das ra??zes e favorecem a absor????o de nutrientes do solo. O objetivo deste trabalho foi avaliar a influ??ncia de plantas de cobertura no potencial de in??culo de FMA e seu efeito na coloniza????o micorr??zica da mandioca. Foram implantados a campo seis tratamentos com plantas de cobertura, sob delineamento em blocos casualizados, incluindo Aveia (A) (Avena spp.), Ervilhaca (E) (Vicia spp.), Nabo (N) (Raphanus sativus L), e o cons??rcio com A+E e A+E+N, e um tratamento controle com parcelas ro??adas a cada 15 dias. As plantas de cobertura foram cultivadas por 110 dias e analisado o potencial de in??culo de FMA. Em seguida realizou-se o plantio da mandioca, com avalia????es da coloniza????o micorr??zica aos 30, 70 e 110 dias ap??s plantio (DAP). As vari??veis analisadas foram influenciadas pelas plantas de cobertura, onde a aveia apresentou aumento de 133% no n??mero de esporos em rela????o ao controle, j?? o tratamento consorciado de A+E+N, apresentou o NMP seis vezes superior ao tratamento com apenas ervilhaca. A coloniza????o micorrizica da mandioca foi alta nos 30 DAP. Conclui-se que as plantas de cobertura favorecem o potencial de in??culo de FMA e o emprego de aveia (solteira ou consorciada) mant??m elevada coloniza????o micorr??zica na cultura da mandioca. aAveia aManihot1 aSOARES, C. R. F. S.1 aSTURMER, S. L.1 aHEBERLE, D. A.1 aLOVATO, P. E.1 aPERUCH, L. A. M. tIn: CONGRESSO BRASILEIRO DE CIENCIAS DO SOLO, 34., 2013, Florian??polis, SC. Anais... Florian??polis, SC: UFSC, SBCS, 2013. p. 1-4.